Fundamentals of Human Neuropsychology / Fourth Edition (Record no. 3948)
[ view plain ]
| 000 -LEADER | |
|---|---|
| fixed length control field | 01401cam a22002174a 4500 |
| 005 - ΗΜΕΡΟΜΗΝΙΑ ΚΑΙ ΩΡΑ ΤΕΛΕΥΤΑΙΑΣ ΕΝΗΜΕΡΩΣΗΣ | |
| Πεδίο ελέγχου | 20250605164130.0 |
| 008 - FIXED-LENGTH DATA ELEMENTS--GENERAL INFORMATION | |
| Πεδίο ελέγχου σταθερού μήκους | 250528s ||||||||||||||||||||||||d |
| 035 ## - SYSTEM CONTROL NUMBER | |
| System control number | 18599 |
| 020 ## - ISBN | |
| ISBN | 716723875 |
| 040 ## - ΠΗΓΗ ΚΑΤΑΛΟΓΟΓΡΑΦΗΣΗΣ | |
| Φορέας πρωτότυπης καταλογογράφησης | MC Athens Campus Library |
| Γλώσσα καταλογογράφησης | Ελληνικά, Μοντέρνα (1453-) |
| Modifying agency | MC Athens Campus Library |
| Κανόνες περιγραφικής καταλογογράφησης | AACR2 |
| 245 1# - ΤΙΤΛΟΣ ΚΑΙ ΔΗΛΩΣΗ ΥΠΕΥΘΥΝΟΤΗΤΑΣ | |
| Τίτλος | Fundamentals of Human Neuropsychology / Fourth Edition |
| 250 ## - EDITION STATEMENT | |
| Edition statement | 4th |
| 260 ## - PUBLICATION, DISTRIBUTION, ETC. | |
| Name of publisher, distributor, etc. | W. H. Freeman And Company, |
| Date of publication, distribution, etc. | 1996 |
| 300 ## - PHYSICAL DESCRIPTION | |
| Extent | 700 |
| 520 ## - SUMMARY, ETC. | |
| Summary, etc. | Preface, Background, The Development of Neuropsychology, Origins of the Human Brain and Behavior, Organization of the Nervous System, Cellular Organization of the Nervous System, The Biochemical Activity of the Brain, Organization of the Sensory Systems, Organization of the Motor Systems, Cortical Organization, Principles of Neocortical Function, Principles of Cerebral Asymmetry, Variations in Cerebral Asymmetry, The Occipital Lobes, The Parietal Lobes, The Temporal Lobes, The Frontal Lobes, Disconnection Syndromes, Higher Functions, Memory, Language, Emotional Processes, Spatial Behavior, Attention and Imagery and Consiousness, Issues and Abnormalities, Development of Function, Learning Disabilities, Recovery of Function, Neurological Disorders, Psychiatric and Related Disorders, Neuropsychological Assessment, Glossary, Insdec of Names and Topics. |
| 700 1# - ΠΡΟΣΘΕΤΗ ΑΝΑΓΡΑΦΗ--ΦΥΣΙΚΟ ΠΡΟΣΩΠΟ | |
| Personal name | Kolb Bryan |
| 9 (RLIN) | 4861 |
| 700 1# - ΠΡΟΣΘΕΤΗ ΑΝΑΓΡΑΦΗ--ΦΥΣΙΚΟ ΠΡΟΣΩΠΟ | |
| Personal name | Whishaw Ian Q |
| 9 (RLIN) | 4862 |
| 942 ## - ADDED ENTRY ELEMENTS (KOHA) | |
| Koha item type | Books |
| Τύπος τεκμηρίου | Βιβλιοθήκη | Τρέχουσα τοποθεσία | Barcode | Αριθμός εισαγωγής | Ημερομηνία απόκτησης | Ταξιθετικό σύμβολο | Αριθμός αντιτύπου | Κατάσταση απόσυρσης | Κατάσταση χαμένου | Κατάσταση κατεστραμμένου | Μη δανεισμός | Σύνολο δανεισμών | Σύνολο ανανεώσεων | Ημερομηνία τελευταίας εμφάνισης | Χρονολογία τελευταίου δανεισμού | Η τιμή ισχύει από |
|---|---|---|---|---|---|---|---|---|---|---|---|---|---|---|---|---|
| Books | MC Athens Campus Library | MC Athens Campus Library | 9780000039477 | 3503 | 05/06/2025 | 612.8 KOL | 2 | 2 | 2 | 20/01/2026 | 13/01/2026 | 05/06/2025 |